| 000 | 00566nam a22001817a 4500 | ||
|---|---|---|---|
| 003 | OSt | ||
| 005 | 20250819055457.0 | ||
| 008 | 250819b |||||||| |||| 00| 0 eng d | ||
| 020 | _a81-7179-545-5. | ||
| 040 | _cOC | ||
| 082 | _aCirc. 362.12 B297c 1998 | ||
| 100 | _aBasavanthappa, B. T. | ||
| 245 | _aCommunity health nursing | ||
| 260 | _aNew Delhi : Jaypee Brothers, c1998. | ||
| 300 |
_a737 pages ; _c24 cm. |
||
| 650 | _2Community health nursing. | ||
| 942 |
_2ddc _cBK-CIRC _e1st edition _hCirc. 362.12 B297c 1998 _kCirc. _n0 |
||
| 999 |
_c4070 _d4070 |
||